000 00763nam a2200229 a 4500
001 54110
003 BD-RjUL
005 20211209080056.0
008 161101s1968 bg ||||| |||| 00| 0 ben d
035 _a(BD-RjUL)54232
040 _aBD-RjUL
_bben
_cBD-RjUL
_dBD-RjUL
041 _aben
082 _223
_a891.441
_bKAP 1968
100 _aকামাল, সুফিয়া
_9119184
245 1 0 _aপ্রসস্তি ও প্রার্থনা /
_cসুফিয়া কামাল
250 _a১ম সং.
260 _aঢাকা :
_bবুক ভিলা,
_c১৯৬৮
300 _a৮২ পৃ. ;
_c২১ সেমি.
650 _aবাংলা কবিতা
_9161548
650 _aBengali Poetry
_9161549
942 _2ddc
_cBK
999 _c54110
_d54110